Представление документа в формате MARC21

Поле Инд. ПП Название Значение
Тип записи a
Библиографический уровень m
001 _ Контрольный номер RU/URAIT/477370
005 _ Дата корректировки 20250915104106.5
008 Кодируемые данные 141003s2021 RU y f j 000 0 rus u
020 a ISBN 978-5-534-13877-1
c Цена, тираж 1109.00
040 a Служба первич. каталог. ИКО Юрайт
c Служба, преобразующая запись ИКО Юрайт
e Правила каталог. RCR
041 a Код языка текста rus
044 a Код страны публикации RU
080 a Индекс УДК 339.9(075.8)
084 2 Источник индекса rubbk
a Индекс другой классификации/Индекс ББК 65.5я73
100 1_ a Автор Игнатова Ольга Владимировна
q Полное имя Ольга Владимировна
245 a Заглавие Мировая экономика и международные экономические отношения
b Продолж. заглавия Учебник для вузов
c Ответственность под ред. Игнатовой О.В., Орловой Н.Л.
256 a Характеристики компьютерного файла Электрон. дан.
260 a Место издания Москва
b Издательство Юрайт
c Дата издания 2021
300 a Объем 358 с
440 a Серия Высшее образование
500 a Примечание URL: https://urait.ru/bcode/477370 (дата обращения: 23.11.2021).
520 a Аннотация В курсе рассмотрены вопросы развития мирового хозяйства и международных экономических отношений в современных условиях: сущность современного мирового хозяйства и особенности современной международной торговли, процессы транснационализации и международного движения капитала. Включены главы, посвященные международной экономической интеграции, транспортной инфраструктуре мирового хозяйства, финансовым аспектам международного сотрудничества. Дается оценка ресурсному потенциалу мирового хозяйства, современному положению и перспективам России в мировой экономике. Соответствует актуальным требованиям Федерального государственного образовательного стандарта высшего образования. Курс может быть использован в учебном процессе для студентов бакалавриата и магистратуры экономического профиля.
538 a Прим. о системных особенностях Режим доступа: Электронно-библиотечная система Юрайт, для авториз. пользователей
653 a Ключевые слова Мировая экономика. Внешняя торговля. Таможенное дело
653 a Ключевые слова Экономика и управление
653 a Ключевые слова Мировая экономика и международные экономические отношения
653 a Ключевые слова Международные экономические отношения
653 a Ключевые слова Мировая экономика
653 a Ключевые слова Введение в мировую экономику и международные отношения
653 a Ключевые слова Введение в мировую экономику
653 a Ключевые слова Мировая экономика и МЭО
653 a Ключевые слова Основы мировой экономики
700 1_ a Другие авторы Орлова Наталья Леонидовна
q Полное имя Наталья Леонидовна
700 1_ a Другие авторы Горбунова Ольга Анатольевна
q Полное имя Ольга Анатольевна
700 1_ a Другие авторы Солуянов Алексей Алексеевич
q Полное имя Алексей Алексеевич
700 1_ a Другие авторы Асон Татьяна Анатольевна
q Полное имя Татьяна Анатольевна
856 40 u URL https://urait.ru/bcode/477370
x Примечание для ЭОР https://urait.ru/book/cover/1B5B97D1-9F05-443E-8C0F-6F1209243309
z Примечание для пользователя Участвует в КО
856 41 u URL https://urait.ru/book/cover/1B5B97D1-9F05-443E-8C0F-6F1209243309